La Lengua 2
Gorde:
| Egile nagusia: | |
|---|---|
| Formatua: | Liburua |
| Hizkuntza: | Undetermined |
| Argitaratua: |
Buenos Aires, Argentina
Nueva Visión SAIC
1973
|
| Gaiak: | |
| Etiketak: |
Etiketa erantsi
Etiketarik gabe, Izan zaitez lehena erregistro honi etiketa jartzen!
|
MARC
| LEADER | 00000nam a2200000Ia 4500 | ||
|---|---|---|---|
| 008 | 170316s9999 xx 000 0 und d | ||
| 090 | |a 410 F-8L | ||
| 100 | |a Francois, Frederick | ||
| 245 | |a La Lengua 2 | ||
| 260 | |a Buenos Aires, Argentina | ||
| 260 | |b Nueva Visión SAIC | ||
| 260 | |c 1973 | ||
| 300 | |a 153 páginas | ||
| 650 | |a LINGÜÍSTICA | ||
| 999 | |c 18376 |d 18376 | ||
| 040 | |a cru BVZT | ||
| 942 | |c 15 D |h 410 F-8L |2 z | ||
